[Event "4NCL/Div4/MET vs. BRJ"]
[Site "Staverton Park ENG"]
[Date "2008.02.10"]
[Round "6.1"]
[White "Noden, Nicolas"]
[Black "Richmond, Peter A"]
[Result "1/2-1/2"]
[WhiteElo "2151"]
[BlackElo "2268"]
[PlyCount "30"]
[EventDate "2008.02.10"]
[EventType "team"]
[EventRounds "11"]
[EventCountry "ENG"]
[SourceDate "2007.09.15"]

1. c4 c5 2. g3 Nc6 3. Bg2 g6 4. Nc3 Bg7 5. e3 e5 6. Nge2 Nge7 7. O-O O-O 8. b3
d6 9. Bb2 Be6 10. Rc1 Rb8 11. d3 a6 12. Qd2 Qa5 13. Rfd1 Rfd8 14. Nd5 Qxd2 15.
Rxd2 Kf8 1/2-1/2

[Event "4NCL/Div4/MET vs. BRJ"]
[Site "Staverton Park ENG"]
[Date "2008.02.10"]
[Round "6.2"]
[White "Haydon, Richard"]
[Black "Dickson, George"]
[Result "1/2-1/2"]
[WhiteElo "2186"]
[BlackElo "2155"]
[PlyCount "33"]
[EventDate "2008.02.10"]
[EventType "team"]
[EventRounds "11"]
[EventCountry "ENG"]
[SourceDate "2007.09.15"]

1. Nf3 f5 2. d4 g6 3. g3 Nf6 4. Bg2 Bg7 5. O-O O-O 6. b3 Ne4 7. Bb2 c5 8. e3
Nc6 9. Qe2 Rb8 10. c4 d6 11. dxc5 dxc5 12. Bxg7 Kxg7 13. Qb2+ Rf6 14. Nc3 Nxc3
15. Qxc3 Qc7 16. Ne1 Qe5 17. Qxe5 1/2-1/2

[Event "4NCL/Div4/MET vs. BRJ"]
[Site "Staverton Park ENG"]
[Date "2008.02.10"]
[Round "6.3"]
[White "Calvert, D Ian"]
[Black "Hall, Daniel J"]
[Result "0-1"]
[WhiteElo "2074"]
[BlackElo "2124"]
[PlyCount "30"]
[EventDate "2008.02.10"]
[EventType "team"]
[EventRounds "11"]
[EventCountry "ENG"]
[SourceDate "2007.09.15"]

1. b3 Nf6 2. Bb2 g6 3. Nf3 c5 4. c4 Bg7 5. g3 O-O 6. Bg2 Nc6 7. O-O d5 8. cxd5
Nxd5 9. Bxg7 Kxg7 10. d4 Bf5 11. dxc5 Be4 12. Nd4 Bxg2 13. Nxc6 Qc7 14. Kxg2
Qxc6 15. Qd4+ e5 0-1

[Event "4NCL/Div4/MET vs. BRJ"]
[Site "Staverton Park ENG"]
[Date "2008.02.10"]
[Round "6.4"]
[White "Cabero, Pablo Padilla"]
[Black "Vachtfeidl, Petr"]
[Result "1-0"]
[WhiteElo "2169"]
[BlackElo "2008"]
[PlyCount "77"]
[EventDate "2008.02.10"]
[EventType "team"]
[EventRounds "11"]
[EventCountry "ENG"]
[SourceDate "2007.09.15"]

1. e4 c5 2. Nc3 Nc6 3. g3 g6 4. Bg2 Bg7 5. d3 d6 6. Be3 Rb8 7. Qd2 b5 8. Nf3 b4
9. Nd1 Nd4 10. Nh4 e5 11. O-O Ne7 12. c3 bxc3 13. bxc3 Ndc6 14. Bh6 O-O 15.
Bxg7 Kxg7 16. Ne3 Be6 17. f4 f6 18. f5 Bd7 19. Ng4 g5 20. Nf3 h6 21. h4 Ng8 22.
hxg5 hxg5 23. Rab1 Nh6 24. Ne3 Nf7 25. Nc4 Qc7 26. Bh3 Na5 27. Ne3 Bc6 28. c4
Ba8 29. Bg4 Rh8 30. Rxb8 Rxb8 31. Bh5 Nh6 32. Nxg5 fxg5 33. Nd5 Qd8 34. f6+ Kh7
35. Ne7 Qf8 36. Qxa5 Rb2 37. Qc7 Nf7 38. Qd7 Qh6 39. Qc8 {time} 1-0

[Event "4NCL/Div4/MET vs. BRJ"]
[Site "Staverton Park ENG"]
[Date "2008.02.10"]
[Round "6.5"]
[White "Murphy, Kieran"]
[Black "Richmond, Jane"]
[Result "1/2-1/2"]
[WhiteElo "2044"]
[BlackElo "2148"]
[PlyCount "35"]
[EventDate "2008.02.10"]
[EventType "team"]
[EventRounds "11"]
[EventCountry "ENG"]
[SourceDate "2007.09.15"]

1. Nf3 e6 2. c4 Nf6 3. Nc3 d5 4. d4 Be7 5. Bg5 h6 6. Bh4 O-O 7. e3 b6 8. Be2
Bb7 9. Bxf6 Bxf6 10. cxd5 Bxd5 11. Nxd5 Qxd5 12. O-O Nd7 13. Nd2 Rac8 14. Qa4
c5 15. Bf3 Qd6 16. Ne4 Qc7 17. Nxf6+ Nxf6 18. Rac1 1/2-1/2

[Event "4NCL/Div4/MET vs. BRJ"]
[Site "Staverton Park ENG"]
[Date "2008.02.10"]
[Round "6.6"]
[White "Bourne, Johnathan"]
[Black "Cooke, Charlie"]
[Result "1/2-1/2"]
[WhiteElo "2087"]
[BlackElo "1845"]
[PlyCount "87"]
[EventDate "2008.02.10"]
[EventType "team"]
[EventRounds "11"]
[EventCountry "ENG"]
[SourceDate "2007.09.15"]

1. d4 d5 2. Bg5 Bf5 3. e3 Nd7 4. Nf3 h6 5. Bh4 Ngf6 6. c4 c6 7. Nc3 Qb6 8. Qc1
e6 9. a3 Be7 10. c5 Qd8 11. b4 a6 12. Be2 O-O 13. O-O Ne4 14. Bxe7 Nxc3 15.
Qxc3 Qxe7 16. a4 Rfb8 17. b5 axb5 18. axb5 Bg6 19. Rxa8 Rxa8 20. Ra1 Qd8 21. b6
f6 22. Ra3 Nf8 23. Qa1 Rb8 24. Ra7 Nh7 25. h4 Bh5 26. Kf1 Bxf3 27. Bxf3 f5 28.
g3 Nf6 29. Be2 Kh7 30. Qa4 Qc8 31. f3 h5 32. Kf2 Kh6 33. Qa1 Qe8 34. Bd3 Qd8
35. Kg2 Kg6 36. Qd1 Kh6 37. Qb1 Qd7 38. Ba6 Qc8 39. Bxb7 Rxb7 40. Rxb7 Qxb7 41.
Qa2 Nd7 42. Qa7 Qc8 43. Qc7 Qa6 44. Qxd7 1/2-1/2

[Event "4NCL/Div4/GLOSG vs. BCA"]
[Site "Staverton Park ENG"]
[Date "2008.02.10"]
[Round "6.1"]
[White "Lambourne, Daniel M"]
[Black "Crouch, Colin"]
[Result "1/2-1/2"]
[WhiteElo "2100"]
[BlackElo "2357"]
[PlyCount "99"]
[EventDate "2008.02.10"]
[EventType "team"]
[EventRounds "11"]
[EventCountry "ENG"]
[SourceDate "2007.09.15"]

1. c4 Nf6 2. Nc3 e6 3. Nf3 b6 4. g3 Bb7 5. Bg2 Bb4 6. Qb3 Qe7 7. O-O O-O 8. d3
a5 9. a3 Bxc3 10. Qxc3 a4 11. Bg5 Ra5 12. Bxf6 Qxf6 13. Qxf6 gxf6 14. Nd4 Bxg2
15. Kxg2 Rd8 16. Rac1 Na6 17. Rc2 c6 18. f4 f5 19. h3 Nc7 20. Kf2 c5 21. Nf3 d6
22. Rd1 b5 23. cxb5 Rxb5 24. d4 Nd5 25. dxc5 dxc5 26. Ne5 Rc8 27. Rdc1 Nf6 28.
Nd3 Ne4+ 29. Kg2 Kh8 30. Kh2 Kg7 31. Rc4 Ra5 32. g4 Kf6 33. Kg2 Ke7 34. R1c2
Kd6 35. Nf2 Nxf2 36. Kxf2 fxg4 37. hxg4 f5 38. g5 Rb8 39. Rd2+ Ke7 40. Rc3 Rb3
41. Rcd3 Rxd3 42. Rxd3 Ra7 43. Ke1 Rb7 44. Rd2 Rb3 45. Kd1 Re3 46. Rc2 Re4 47.
Rxc5 Kd6 48. Rc3 Rxf4 49. Rh3 Rg4 50. Rxh7 1/2-1/2

[Event "4NCL/Div4/GLOSG vs. BCA"]
[Site "Staverton Park ENG"]
[Date "2008.02.10"]
[Round "6.2"]
[White "Mordue, A Tyson"]
[Black "Buchanan, David"]
[Result "1/2-1/2"]
[WhiteElo "2302"]
[BlackElo "2090"]
[PlyCount "42"]
[EventDate "2008.02.10"]
[EventType "team"]
[EventRounds "11"]
[EventCountry "ENG"]
[SourceDate "2007.09.15"]

1. e4 e6 2. d4 d5 3. Nd2 c5 4. exd5 exd5 5. Ngf3 Nf6 6. Bd3 Nc6 7. dxc5 Bxc5 8.
Nb3 Bb6 9. O-O O-O 10. Bg5 h6 11. Bh4 Bg4 12. Be2 Re8 13. c3 Qd6 14. Nbd4 Nxd4
15. Nxd4 Bxd4 16. Bxg4 Nxg4 17. Qxg4 Bf6 {=} 18. Bxf6 Qxf6 19. Rfe1 Qc6 20. Qd4
Rxe1+ 21. Rxe1 Re8 1/2-1/2

[Event "4NCL/Div4/GLOSG vs. BCA"]
[Site "Staverton Park ENG"]
[Date "2008.02.10"]
[Round "6.3"]
[White "Hosken, Nigel"]
[Black "Ross, Chris"]
[Result "1/2-1/2"]
[WhiteElo "2010"]
[BlackElo "2141"]
[PlyCount "53"]
[EventDate "2008.02.10"]
[EventType "team"]
[EventRounds "11"]
[EventCountry "ENG"]
[SourceDate "2007.09.15"]

1. d4 Nf6 2. c4 e6 3. Nc3 Bb4 4. Bg5 h6 5. Bh4 c5 6. d5 d6 7. e3 O-O 8. Bd3
Bxc3+ 9. bxc3 e5 10. f3 Nbd7 11. Ne2 Qe8 12. e4 Nh7 13. O-O Nb6 14. a4 Bd7 15.
a5 Nc8 16. Bc2 f5 17. exf5 Bxf5 18. Bf2 Ne7 19. Ng3 Bxc2 20. Qxc2 Qd7 21. Be3
Nf5 22. Nxf5 Rxf5 23. f4 exf4 24. Bxf4 Raf8 25. Bg3 Rxf1+ 26. Rxf1 Rxf1+ 27.
Kxf1 1/2-1/2

[Event "4NCL/Div4/GLOSG vs. BCA"]
[Site "Staverton Park ENG"]
[Date "2008.02.10"]
[Round "6.4"]
[White "Lilley, Graham"]
[Black "Taylor, Geoffrey P"]
[Result "1/2-1/2"]
[WhiteElo "2129"]
[BlackElo "2028"]
[PlyCount "97"]
[EventDate "2008.02.10"]
[EventType "team"]
[EventRounds "11"]
[EventCountry "ENG"]
[SourceDate "2007.09.15"]

1. d4 d5 2. c4 e6 3. Nf3 Nf6 4. g3 c6 5. Qc2 Bd6 6. Bg2 Nbd7 7. O-O O-O 8. Nbd2
Re8 9. b3 e5 10. dxe5 Nxe5 11. Bb2 dxc4 12. Nxc4 Nxc4 13. bxc4 h6 14. Rfd1 Qe7
15. e3 Bg4 16. Rac1 Rad8 17. Bd4 c5 18. Ba1 b6 19. h3 Bh5 20. Rd2 Ne4 21. Rd5
Bg6 22. Nh4 Nf6 23. Nxg6 fxg6 24. Qxg6 Qf7 25. Qc2 Kh8 26. Rd2 Bc7 27. Rcd1
Rxd2 28. Rxd2 Rd8 29. Rxd8+ Bxd8 30. Qd3 Be7 31. e4 Qg6 32. Kh2 h5 33. f4 h4
34. g4 Bd6 35. Qf3 Bc7 36. e5 Ng8 37. Qe4 Kh7 38. Qe2 Qe6 39. Qf2 Qh6 40. Bb2
Ne7 41. Bc1 g5 42. Qe3 gxf4 43. Qxf4 Qxf4+ 44. Bxf4 Ng6 45. Bg5 Bxe5+ 46. Kh1
Kg7 47. Be4 Nf4 48. Bxf4 Bxf4 49. Kg2 1/2-1/2

[Event "4NCL/Div4/GLOSG vs. BCA"]
[Site "Staverton Park ENG"]
[Date "2008.02.10"]
[Round "6.5"]
[White "Meade, Philip J"]
[Black "Hilton, Steve"]
[Result "1/2-1/2"]
[WhiteElo "2020"]
[BlackElo "1946"]
[PlyCount "95"]
[EventDate "2008.02.10"]
[EventType "team"]
[EventRounds "11"]
[EventCountry "ENG"]
[SourceDate "2007.09.15"]

1. e4 c5 2. Nf3 d6 3. Bb5+ Nd7 4. c3 Ngf6 5. Qe2 a6 6. Ba4 b5 7. Bc2 Bb7 8. O-O
g6 9. d4 e5 10. dxe5 dxe5 11. b3 Bg7 12. Nbd2 Qa5 13. Bb2 O-O 14. a4 Qb6 15.
axb5 axb5 16. c4 b4 17. Nxe5 Nxe5 18. Bxe5 Rfe8 19. f4 h5 20. h3 Qc6 21. Qf2
Rxa1 22. Rxa1 Ra8 23. Rxa8+ Bxa8 24. Qe2 Bf8 25. Bb2 Ne8 26. e5 Qa6 27. Qe1 Ng7
28. Be4 Bc6 29. Bxc6 Qxc6 30. Ne4 Ne8 31. g3 Qe6 32. Kh2 Be7 33. Qe3 Qf5 34.
Bc1 Qc8 35. Qd3 Qa8 36. Be3 Ng7 37. Bxc5 Bxc5 38. Nxc5 Qa2+ 39. Kh1 Qa1+ {=}
40. Kg2 Qa8+ 41. Qd5 Qa2+ 42. Kf3 Qh2 43. Ne4 Nf5 44. e6 Qh1+ 45. Kf2 Qh2+ 46.
Ke1 Qg1+ 47. Kd2 Qe3+ 48. Kd1 1/2-1/2

[Event "4NCL/Div4/GLOSG vs. BCA"]
[Site "Staverton Park ENG"]
[Date "2008.02.10"]
[Round "6.6"]
[White "Burnell, Steve"]
[Black "Dodwell, Phil"]
[Result "1-0"]
[WhiteElo "1935"]
[BlackElo "2015"]
[PlyCount "97"]
[EventDate "2008.02.10"]
[EventType "team"]
[EventRounds "11"]
[EventCountry "ENG"]
[SourceDate "2007.09.15"]

1. d4 f5 2. Nf3 e6 3. g3 Nf6 4. Bg2 Be7 5. O-O O-O 6. c4 d6 7. b3 Ne4 8. Bb2
Bf6 9. Nbd2 Nc6 10. a3 a5 11. Qc2 Nxd2 12. Qxd2 Qe8 13. d5 Nd8 14. Bxf6 Rxf6
15. dxe6 Nxe6 16. e3 Nc5 17. Nd4 c6 18. b4 Ne4 19. Qe2 Bd7 20. b5 c5 21. Nf3 g5
22. Nd2 Rd8 23. Qd3 d5 24. Qxd5+ Be6 25. Nxe4 Rf7 26. Qxc5 fxe4 27. Qxg5+ Rg7
28. Qe5 Bxc4 29. Qxe8+ Rxe8 30. Rfb1 Bd3 31. Rb2 Rc7 32. Bh3 Re5 33. b6 Rc3 34.
Kg2 Rec5 35. Be6+ Kg7 36. g4 Kf6 37. Bf5 h5 38. h3 Kg5 39. Be6 h4 40. Bf5 Rc1
41. Rxc1 Rxc1 42. Be6 Rc5 43. f4+ exf3+ 44. Kxf3 Bf1 45. Rb1 Bb5 46. Bf5 Ba6
47. Be4 Rc3 48. Rd1 Rxa3 49. Rd6 1-0

[Event "4NCL/Div4/ATH vs. NOTT1"]
[Site "Staverton Park ENG"]
[Date "2008.02.10"]
[Round "6.2"]
[White "Mercs, Peter J"]
[Black "Pedersen, Carsten"]
[Result "0-1"]
[WhiteElo "2086"]
[BlackElo "2149"]
[PlyCount "116"]
[EventDate "2008.02.10"]
[EventType "team"]
[EventRounds "11"]
[EventCountry "ENG"]
[SourceDate "2007.09.15"]

1. e4 e6 2. Nf3 d5 3. e5 c5 4. b4 cxb4 5. d4 Bd7 6. Bd3 Qb6 7. O-O Bb5 8. a3
Bxd3 9. Qxd3 Nc6 10. axb4 Nxb4 11. Qe2 Rc8 12. c3 Nc6 13. Qd3 Na5 14. Na3 a6
15. Ng5 h6 16. Nf3 Qc7 17. Bb2 Ne7 18. Nd2 b5 19. f4 h5 20. Nc2 Nf5 21. Ne3
Nxe3 22. Qxe3 g6 23. Rfc1 Qb6 24. Ra2 Nc6 25. Nb3 a5 26. Ba3 b4 27. cxb4 axb4
28. Bb2 Be7 29. Qd3 O-O 30. Qa6 Qxa6 31. Rxa6 Nb8 32. Raa1 Rfe8 33. Na5 Nd7 34.
Nc6 Bf8 35. Rab1 Nb6 36. Ba1 Nc4 37. Na7 Rc7 38. Nb5 Rb7 39. Nc3 Na3 40. Rb3
Rc7 41. Ne2 Rxc1+ 42. Nxc1 Rc8 43. Nd3 Rc4 44. Bb2 Nc2 45. Kf2 Be7 46. g3 Kf8
47. h3 Ke8 48. g4 hxg4 49. hxg4 Kd7 50. f5 Nxd4 51. Bxd4 Rxd4 52. f6 Bf8 53.
Kf3 Kc6 54. g5 Kb5 55. Nb2 Re4 56. Rd3 Rxe5 57. Kg4 Re4+ 58. Kf3 Bd6 0-1

[Event "4NCL/Div4/ATH vs. NOTT1"]
[Site "Staverton Park ENG"]
[Date "2008.02.10"]
[Round "6.3"]
[White "Gruettner, Ralf"]
[Black "Walker, Andrew N"]
[Result "0-1"]
[WhiteElo "2102"]
[BlackElo "2040"]
[PlyCount "68"]
[EventDate "2008.02.10"]
[EventType "team"]
[EventRounds "11"]
[EventCountry "ENG"]
[SourceDate "2007.09.15"]

1. e4 e5 2. Nc3 Nf6 3. f4 d5 4. fxe5 Nxe4 5. d3 Nxc3 6. bxc3 d4 7. Nf3 Bc5 8.
Be2 O-O 9. O-O Nc6 10. Kh1 dxc3 11. Qe1 Nd4 12. Bd1 Be6 13. Qxc3 Nxf3 14. Qxc5
Qd4 15. Qxd4 Nxd4 16. Bb2 Rfd8 17. Re1 c5 18. Kg1 Rac8 19. h3 b5 20. Kf2 a5 21.
a3 b4 22. axb4 axb4 23. Ra5 c4 24. dxc4 Rxc4 25. Bxd4 Rcxd4 26. Bf3 Bf5 27. Re2
Rc4 28. Ke3 Rxc2 29. Rb5 Rc3+ 30. Kf4 Bd3 31. Rd2 Rc4+ 32. Kg3 Rcd4 33. Be2
Bxb5 34. Rxd4 Rxd4 0-1

[Event "4NCL/Div4/ATH vs. NOTT1"]
[Site "Staverton Park ENG"]
[Date "2008.02.10"]
[Round "6.4"]
[White "Levens, David"]
[Black "Crichton, Martin"]
[Result "1/2-1/2"]
[WhiteElo "2010"]
[BlackElo "2019"]
[PlyCount "72"]
[EventDate "2008.02.10"]
[EventType "team"]
[EventRounds "11"]
[EventCountry "ENG"]
[SourceDate "2007.09.15"]

1. e4 c6 2. d4 d5 3. exd5 cxd5 4. c4 Nf6 5. Nc3 Nc6 6. Bg5 Qa5 7. Nf3 e6 8.
Bxf6 gxf6 9. Be2 Bd7 10. Qd2 dxc4 11. Bxc4 O-O-O 12. O-O h5 13. a3 Bh6 14. Qc2
a6 15. b4 Qc7 16. Ne4 e5 17. d5 Nd4 18. Nxd4 exd4 19. Nc5 Rhg8 20. Nxd7 Rxd7
21. a4 Bf4 22. h3 Rxd5 23. Qb3 Rdg5 24. Bd5 Qc3 25. g4 Qxb3 26. Bxb3 hxg4 27.
h4 R5g7 28. Rad1 Be5 29. Kg2 Rh8 30. Rh1 Rgh7 31. f4 gxf3+ 32. Kxf3 Kd7 33. b5
Rg7 34. Bd5 Rg3+ 35. Ke2 axb5 36. axb5 b6 1/2-1/2

[Event "4NCL/Div4/ATH vs. NOTT1"]
[Site "Staverton Park ENG"]
[Date "2008.02.10"]
[Round "6.5"]
[White "McLaughlin, Noel"]
[Black "Webster, Richard J"]
[Result "1/2-1/2"]
[WhiteElo "2025"]
[BlackElo "1989"]
[PlyCount "55"]
[EventDate "2008.02.10"]
[EventType "team"]
[EventRounds "11"]
[EventCountry "ENG"]
[SourceDate "2007.09.15"]

1. Nf3 Nf6 2. c4 c5 3. g3 Nc6 4. Bg2 g6 5. d4 cxd4 6. Nxd4 Nxd4 7. Qxd4 Bg7 8.
Nc3 O-O 9. O-O d6 10. Rd1 Ng4 11. Qd2 Be6 12. h3 Ne5 13. b3 Rb8 14. Bb2 a6 15.
Rac1 b5 16. c5 dxc5 17. Qe3 Nd7 18. Rc2 c4 19. bxc4 bxc4 20. Ba3 Qa5 21. Nd5
Bxd5 22. Bxd5 Nf6 23. Bxc4 Qf5 24. Rcd2 Qxh3 25. Qf3 Ng4 26. Qg2 Qxg2+ 27. Kxg2
Bf6 28. Bd5 1/2-1/2

[Event "4NCL/Div4/ATH vs. NOTT1"]
[Site "Staverton Park ENG"]
[Date "2008.02.10"]
[Round "6.6"]
[White "Kingston, Ian"]
[Black "Wilson, David"]
[Result "1-0"]
[WhiteElo "2025"]
[BlackElo "1695"]
[PlyCount "133"]
[EventDate "2008.02.10"]
[EventType "team"]
[EventRounds "11"]
[EventCountry "ENG"]
[SourceDate "2007.09.15"]

1. e4 e5 2. Nf3 Nc6 3. Bb5 Nf6 4. O-O d6 5. d4 exd4 6. Nxd4 Bd7 7. Nc3 Nxd4 8.
Bxd7+ Qxd7 9. Qxd4 Be7 10. Bf4 Nh5 11. Be3 Bf6 12. Qd5 Bxc3 13. Qxh5 Bf6 14. c3
O-O 15. Qd5 c6 16. Qd3 b6 17. Rad1 Rad8 {=} 18. Rd2 Rfe8 19. c4 Qg4 20. f3 Qg6
21. Rfd1 d5 22. cxd5 cxd5 23. Qb5 Re7 24. Rxd5 Rxd5 25. Qxd5 h6 26. b3 Re8 27.
Qc6 Re6 28. Qa8+ Kh7 29. Qxa7 Be5 30. Qd7 Qh5 31. f4 Re7 32. Qd5 Qe2 33. Qd3
Qxd3 34. Rxd3 Bc7 35. e5 f6 36. exf6 gxf6 37. Kf2 Kg6 38. g4 f5 39. h3 h5 40.
gxh5+ Kxh5 41. Rd5 Kg6 42. Rb5 Rh7 43. Kg3 Rg7 44. Bxb6 Kf6+ 45. Kf3 Rh7 46.
Bxc7 Rxc7 47. Rb6+ Ke7 48. Ke3 Rc2 49. a4 Rh2 50. Kd4 Rxh3 51. Ke5 Kd7 52. b4
Kc7 53. a5 Rc3 54. Kxf5 Rf3 55. Ke5 Re3+ 56. Kf6 Rh3 57. f5 Rh7 58. Kg6 Rh3 59.
f6 Rg3+ 60. Kf7 Rg4 61. Ke7 Rf4 62. f7 Rxb4 63. Rxb4 Kc6 64. f8=Q Kd5 65. Qf5+
Kc6 66. Rb6+ Kc7 67. Qd7# 1-0

[Event "4NCL/Div4/OXF2 vs. PONTY"]
[Site "Staverton Park ENG"]
[Date "2008.02.10"]
[Round "6.1"]
[White "Bruce, Dave"]
[Black "Gilbert, Jonathan A"]
[Result "1/2-1/2"]
[WhiteElo "2114"]
[BlackElo "2062"]
[PlyCount "33"]
[EventDate "2008.02.10"]
[EventType "team"]
[EventRounds "11"]
[EventCountry "ENG"]
[SourceDate "2007.09.15"]

1. e4 c6 2. d4 d5 3. Nd2 dxe4 4. Nxe4 Nd7 5. Ng5 Ngf6 6. Bd3 e6 7. Qe2 Bd6 8.
N1f3 h6 9. Ne4 Nxe4 10. Qxe4 Nf6 11. Qe2 Qc7 12. Bd2 Bd7 13. O-O-O O-O-O 14.
Kb1 c5 15. c4 Bc6 16. Be3 Bxf3 17. Qxf3 1/2-1/2

[Event "4NCL/Div4/OXF2 vs. PONTY"]
[Site "Staverton Park ENG"]
[Date "2008.02.10"]
[Round "6.2"]
[White "Adams, Mark A"]
[Black "Burt, Will"]
[Result "1/2-1/2"]
[WhiteElo "2022"]
[BlackElo "2080"]
[PlyCount "68"]
[EventDate "2008.02.10"]
[EventType "team"]
[EventRounds "11"]
[EventCountry "ENG"]
[SourceDate "2007.09.15"]

1. e4 e5 2. Nf3 Nc6 3. Bb5 a6 4. Ba4 Nf6 5. d3 Bc5 6. c3 O-O 7. O-O d6 8. h3
Bd7 9. Re1 Ba7 10. Nbd2 b5 11. Bc2 Qc8 12. Nf1 h6 13. Ng3 Kh8 14. Qe2 Rg8 15.
Bb3 g5 16. Be3 Qf8 17. Nf5 Bxf5 18. exf5 g4 19. hxg4 Rxg4 20. Bxa7 Qg7 21. Qf1
Nxa7 22. g3 Nc6 23. Kh2 Ne7 24. Nh4 Rg8 25. Qh3 d5 26. Re2 Rg5 27. Rh1 c6 28.
Bd1 Kh7 29. Rhe1 Ng4+ 30. Kg1 Nxf5 31. Nf3 Rg6 32. Nxe5 Rg5 33. Nf3 Rg6 34. Ne5
Rg5 1/2-1/2

[Event "4NCL/Div4/OXF2 vs. PONTY"]
[Site "Staverton Park ENG"]
[Date "2008.02.10"]
[Round "6.3"]
[White "Stembridge, Ed"]
[Black "Perrett, David"]
[Result "1/2-1/2"]
[WhiteElo "2026"]
[BlackElo "2032"]
[PlyCount "62"]
[EventDate "2008.02.10"]
[EventType "team"]
[EventRounds "11"]
[EventCountry "ENG"]
[SourceDate "2007.09.15"]

1. e4 Nf6 2. Nc3 d5 3. exd5 Nxd5 4. Bc4 e6 5. Nf3 c6 6. a4 Nd7 7. O-O N7f6 8.
d4 Bd6 9. Qe2 h6 10. Ne5 Qb6 11. Rd1 Bd7 12. Nxd7 Kxd7 13. a5 Qc7 14. h3 Rae8
15. Ne4 Nxe4 16. Qxe4 g5 17. Bf1 f5 18. Qd3 Kc8 19. a6 b6 20. c4 Nb4 21. Qb3 c5
22. dxc5 Bxc5 23. Bd2 Nc6 24. Be3 Qe7 25. Qb5 Kc7 26. Qb3 Rd8 27. Be2 f4 28.
Bxc5 Qxc5 29. Qa3 Rxd1+ 30. Bxd1 Qxa3 31. Rxa3 Rd8 1/2-1/2

[Event "4NCL/Div4/OXF2 vs. PONTY"]
[Site "Staverton Park ENG"]
[Date "2008.02.10"]
[Round "6.4"]
[White "Davis, Lee"]
[Black "Chapman, Graham W"]
[Result "1/2-1/2"]
[WhiteElo "2056"]
[BlackElo "2040"]
[PlyCount "37"]
[EventDate "2008.02.10"]
[EventType "team"]
[EventRounds "11"]
[EventCountry "ENG"]
[SourceDate "2007.09.15"]

1. d4 Nf6 2. g3 c5 3. Nf3 g6 4. Bg2 Bg7 5. O-O cxd4 6. Nxd4 Nc6 7. c4 O-O 8.
Nc3 Qa5 9. Rb1 Nxd4 10. Qxd4 d6 11. Qd3 Rb8 12. Bf4 Qh5 13. Nd5 Nxd5 14. cxd5
Bh3 15. Rfc1 Bxg2 16. Kxg2 Rfc8 17. Rxc8+ Rxc8 18. Rc1 Qg4 19. b3 1/2-1/2

[Event "4NCL/Div4/OXF2 vs. PONTY"]
[Site "Staverton Park ENG"]
[Date "2008.02.10"]
[Round "6.5"]
[White "Morris, Graham"]
[Black "Waterfield, John"]
[Result "1/2-1/2"]
[WhiteElo "2038"]
[BlackElo "2015"]
[PlyCount "50"]
[EventDate "2008.02.10"]
[EventType "team"]
[EventRounds "11"]
[EventCountry "ENG"]
[SourceDate "2007.09.15"]

1. e4 d6 2. d4 Nf6 3. Nc3 g6 4. Be3 c6 5. f3 Nbd7 6. Qd2 Bg7 7. O-O-O b5 8. Kb1
Qa5 9. Bh6 Bxh6 10. Qxh6 b4 11. Nce2 Ba6 12. Nh3 O-O-O 13. Qd2 Nb6 14. Nc1 Bxf1
15. Rhxf1 Nc4 16. Qe2 Qb5 17. Rfe1 h6 18. Nb3 a5 19. Nd2 Nxd2+ 20. Rxd2 Qxe2
21. Rdxe2 e5 22. Rd2 Rhe8 23. Red1 exd4 24. Rxd4 d5 25. Nf2 Re7 1/2-1/2

[Event "4NCL/Div4/OXF2 vs. PONTY"]
[Site "Staverton Park ENG"]
[Date "2008.02.10"]
[Round "6.6"]
[White "Davies, Peter L"]
[Black "Ludbrook, Matt"]
[Result "1/2-1/2"]
[WhiteElo "2001"]
[BlackElo "2030"]
[PlyCount "50"]
[EventDate "2008.02.10"]
[EventType "team"]
[EventRounds "11"]
[EventCountry "ENG"]
[SourceDate "2007.09.15"]

1. c4 Nf6 2. Nc3 g6 3. g3 Bg7 4. Bg2 d6 5. d4 O-O 6. Nf3 c5 7. d5 e5 8. O-O Na6
9. e4 Nc7 10. Qc2 Rb8 11. a4 b6 12. Bd2 a6 13. b3 Bd7 14. Qc1 Rb7 15. Bh6 b5
16. Bxg7 Kxg7 17. axb5 axb5 18. Ne1 Ng4 19. f3 Nh6 20. Nd3 f6 21. f4 Qe7 22.
Nd1 Rfb8 23. N1f2 Bc8 24. fxe5 fxe5 25. Bh3 Bxh3 1/2-1/2

[Event "4NCL/Div4/CONQ1 vs. CELT1"]
[Site "Staverton Park ENG"]
[Date "2008.02.10"]
[Round "6.1"]
[White "Bailey, Kevin"]
[Black "Kemp, Peter D"]
[Result "1/2-1/2"]
[WhiteElo "2103"]
[BlackElo "2178"]
[PlyCount "29"]
[EventDate "2008.02.10"]
[EventType "team"]
[EventRounds "11"]
[EventCountry "ENG"]
[SourceDate "2007.09.15"]

1. e4 e5 2. Nf3 Nc6 3. Bb5 a6 4. Ba4 Nf6 5. O-O b5 6. Bb3 Bc5 7. c3 d6 8. d4
Bb6 9. dxe5 dxe5 10. Qxd8+ Nxd8 11. Nxe5 Bb7 12. Nd2 O-O 13. Ndf3 h6 14. Re1
Nxe4 15. Be3 1/2-1/2

[Event "4NCL/Div4/CONQ1 vs. CELT1"]
[Site "Staverton Park ENG"]
[Date "2008.02.10"]
[Round "6.2"]
[White "Thomas, Robert K"]
[Black "Ynojosa, Felix J"]
[Result "1-0"]
[WhiteElo "2130"]
[BlackElo "2098"]
[PlyCount "85"]
[EventDate "2008.02.10"]
[EventType "team"]
[EventRounds "11"]
[EventCountry "ENG"]
[SourceDate "2007.09.15"]

1. d4 Nf6 2. c4 c5 3. d5 b5 4. cxb5 a6 5. b6 d6 6. Nc3 Nbd7 7. a4 Qxb6 8. a5
Qc7 9. Nf3 g6 10. h3 Bg7 11. e4 Rb8 12. Bc4 O-O 13. O-O Re8 14. Qd3 Rb4 15. Ra2
e6 16. dxe6 fxe6 17. Bf4 Qc6 18. Re1 Nh5 19. Bh2 Bb7 20. b3 Bxc3 21. Qxc3 Ndf6
22. Rae2 Qd7 23. Qd3 Nxe4 24. Rxe4 Bxe4 25. Rxe4 d5 26. Bxd5 exd5 27. Rxe8+
Qxe8 28. Qxd5+ Qf7 29. Qa8+ Qf8 30. Qxa6 Nf4 31. Ng5 Rd4 32. Bg3 Qf5 33. Qa8+
Kg7 34. Nf3 Rd3 35. Kh2 Rxb3 36. Qc6 Ne2 37. Bd6 Kh6 38. Qe8 Rxf3 39. gxf3 Qc2
40. Qe3+ Kg7 41. Qe5+ Kg8 42. Qf6 Nd4 43. Qf8# 1-0

[Event "4NCL/Div4/CONQ1 vs. CELT1"]
[Site "Staverton Park ENG"]
[Date "2008.02.10"]
[Round "6.3"]
[White "Foster, James C"]
[Black "French, Angus"]
[Result "0-1"]
[WhiteElo "1970"]
[BlackElo "2115"]
[PlyCount "100"]
[EventDate "2008.02.10"]
[EventType "team"]
[EventRounds "11"]
[EventCountry "ENG"]
[SourceDate "2007.09.15"]

1. d4 d5 2. Nf3 Nf6 3. e3 Bf5 4. b3 e6 5. Bb2 Be7 6. Nbd2 O-O 7. Be2 h6 8. Ne5
Nbd7 9. Nd3 c5 10. O-O Rc8 11. Ne1 Re8 12. c3 cxd4 13. cxd4 Bb4 14. Bd3 Qa5 15.
Ndf3 Ne4 16. a3 Bc3 17. b4 Qb6 18. Bxc3 Rxc3 19. Qa4 Ndf6 20. Rd1 Rec8 21. Ne5
a6 22. g4 Bh7 23. Ng2 R3c7 24. Qb3 Nc3 25. Bxh7+ Kxh7 26. Rd2 Nce4 27. Rd3 Kg8
28. f3 Nd6 29. h4 Nc4 30. g5 hxg5 31. hxg5 Nxe5 32. dxe5 Nh5 33. Kh2 g6 34. Kh3
Rc2 35. f4 Ng7 36. Nh4 Qc6 37. Nf3 Nf5 38. Nd4 Nxd4 39. exd4 Kg7 40. Rff3 Qe8
41. Kg4 Rg2+ 42. Rg3 Rcc2 43. Rxg2 Rxg2+ 44. Rg3 Rxg3+ 45. Kxg3 Qc6 46. Qb2 Qc4
47. a4 Qd3+ 48. Kg4 Qd1+ 49. Kg3 Qxa4 50. Qc3 Qb5 0-1